Build-a-Bird by Guessing Countries - Statistics

General Stats
  • This quiz has been taken 62,280 times
  • The average score is 16 of 24
Answers on the Map
Answers color-coded by a green-red scale on the quiz's map according to % correct below.
 
Answer Stats
# Answer % Correct
1816 Brazil
97%
1285 China
89%
1001 Argentina
87%
1863 Colombia
85%
1210 India
84%
1100 Mexico
84%
1861 Peru
83%
1387 Venezuela
80%
1722 Indonesia
79%
1110 Democratic Republicof the Congo
75%
1435 Bolivia
73%
1622 Ecuador
72%
Parakeet
66%
936 Thailand
62%
1058 Kenya
59%
884 Panama
56%
1073 Tanzania
56%
Hummingbird
49%
1034 Myanmar
44%
920 Angola
43%
998 Uganda
43%
Puffin
41%
888 Cameroon
35%
914 Sudan
32%
No matching quizzes found
Score Distribution
Percent of People with Each Score
Percentile by Number Answered
Your Score History
You have not taken this quiz